000 01394nam a22002777a 4500
003 PE SENCICO BE
005 20260416191400.0
008 260416b |||||||| |||| 00| 0 eng d
017 _22007-01596
020 _a978-9972-821-96-7
040 _aPE SENCICO BE
_cPE SENCICO BE
041 _aspa
082 _a005.36A
_bP23
100 1 _aPantigoso Loza, Henry
_9633
_dautor
245 1 _aAutodesk Autocad Land 2007 /
_cHenry Pantigoso Loza
250 _a1a ed.
260 _aLima :
_bGrupo Editorial Megabyte SAC ;
_c2007
300 _a466 paginas :
_bgráficos ;
_c21.5 cm.
505 0 _aIntroducción al Autodesk Land Desktop 2007 – Levantamiento topográfico y poligonal – Manejo de puntos COGO – Etiquetado – Superficies – Alineamiento – Perfil longitudinal – Plantilla – Autodesk civil 3D – Hidrología.
520 3 _aPermite realizar una gama de soluciones para ingeniería civil, topografía y planificación del terreno, ya que explica de manera muy didáctica las herramientas informáticas que ofrece el programa AutoCAD 2007 para el desarrollo de los cálculos y proyección en forma gráfica los trabajos de diseño y encaje de proyectos
650 1 0 _aAutoCad (Programa para computadora)
_9422
650 2 0 _aGráficos por computadora
_9423
650 2 0 _aSistemas de visualización tridimensional
_9636
910 _ahfp
942 _2ddc
_cLIB
999 _c9877
_d9877